000 00799nam a2200289Ia 4500
001 7054
005 20240113233954.0
007 ta
008 050702s2000 a g b000 u eng u
020 _a81-7629-277-X
040 _aCotton College,Assam
041 _aeng
082 _a332
_bJa 199 Co
100 _aJain, R.B. .
245 0 _aCommand Economy to Market Economy: Restructuring and Transformation /
_cR.B. Jain.
_hTextual Documents
250 _a1st ed. /
260 _aNew Delhi :
_bDeep & Deep publication pvt. ltd ,
_c2000.
300 _aviii, 500p. :
_bill. ;
_c22cm .
504 _aIndex
653 _aEconomics
653 _aMarket Economy
653 _aCommand Economy
653 _aPG-Economics
942 _2ddc
_cBK
999 _c7041
_d7041